Arxius Municipals de Districte : memòria 1990 memòria 1990
Descripción Física:
105 f. ; 30 cm
MARC
| LEADER | 00000nam a2200000Ia 4500 | ||
|---|---|---|---|
| 001 | 9523 | ||
| 008 | 160829s1991?] xx 000 0 cat d | ||
| 080 | |a A-1-42 | ||
| 110 | 1 | |a Barcelona (Catalunya). |b Ajuntament |9 50981 | |
| 245 | |a Arxius Municipals de Districte : |b memòria 1990 | ||
| 260 | |a Barcelona : |b [Ajuntament, |c 1991?] | ||
| 300 | |a 105 f. ; |c 30 cm | ||
| 650 | |a Arxius municipals |x Barcelona |x Memòries |9 20075 | ||
| 901 | |a Arxiu | ||
| 942 | |n 1 | ||
| 952 | |0 0 |1 0 |4 0 |6 A142 |7 1 |9 41424 |a Arxiu |b Arxiu |d 2016-12-01 |l 0 |o A-1-42 |p 9523 |r 2016-12-01 00:00:00 |w 2016-12-01 |y ARXIU | ||
| 999 | |c 43231 |d 43231 | ||